Über den Sinn und die Grenzen des psychologischen Erkennens
| Autor principal: | |
|---|---|
| Tipo de documento: | Print Libro |
| Lenguaje: | Alemán |
| Publicado: |
Stuttgart
Klett
1957
|
| En: |
Psyche <Stuttgart> / Beiheft (1957)
Año: 1957 |
| Disponibilidad en Tübingen: | Disponible en Tübingen. UB: Jf II 697 b-4 |
| Availability in Albert-Krebs Library: | UA.00.009 2015-608 |
| Verificar disponibilidad: | HBZ Gateway |
| Servicio de pedido Subito: | Pedir ahora. |
| Palabras clave: |
MARC
| LEADER | 00000cam a2200000 c 4500 | ||
|---|---|---|---|
| 001 | 1071145819 | ||
| 003 | DE-627 | ||
| 005 | 20260206195434.0 | ||
| 007 | tu | ||
| 008 | 850101s1957 xx ||||| 00| ||ger c | ||
| 035 | |a (DE-627)1071145819 | ||
| 035 | |a (DE-603)111847486 | ||
| 035 | |a (DE-576)001145819 | ||
| 035 | |a (DE-599)BSZ001145819 | ||
| 035 | |a (OCoLC)63332923 | ||
| 035 | |a (OCoLC)63332923 | ||
| 035 | |a (DE-604)8029476070 | ||
| 040 | |a DE-627 |b ger |c DE-627 |e rakwb | ||
| 041 | |a ger | ||
| 084 | |a 2,1 |2 ssgn | ||
| 084 | |a CM 2200 |2 rvk |0 (DE-625)rvk/18943: | ||
| 100 | 1 | |a Kunz, Hans |d 1904-1982 |0 (DE-588)118725475 |0 (DE-627)135630940 |0 (DE-576)20934685X |4 aut | |
| 109 | |a Kunz, Hans 1904-1982 | ||
| 245 | 1 | 0 | |a Über den Sinn und die Grenzen des psychologischen Erkennens |c Hans Kunz |
| 264 | 1 | |a Stuttgart |b Klett |c 1957 | |
| 300 | |a 158 S. | ||
| 336 | |a Text |b txt |2 rdacontent | ||
| 337 | |a ohne Hilfsmittel zu benutzen |b n |2 rdamedia | ||
| 338 | |a Band |b nc |2 rdacarrier | ||
| 490 | 1 | |a Psyche |a Beiheft |v 1957 | |
| 583 | 1 | |a Archivierung/Langzeitarchivierung gewährleistet |f PEBW |x XA-DE-BW |2 pdager |5 DE-24 | |
| 583 | 1 | |a Archivierung/Langzeitarchivierung gewährleistet |c 20211220 |f SLG |x XA-DE-BW |z Provenienz |2 pdager |5 DE-25 | |
| 583 | 1 | |a Archivierung/Langzeitarchivierung gewährleistet |c 20211026 |f SLG |x XA-DE-BW |z Buchnachlass |2 pdager |5 DE-25 | |
| 583 | 1 | |a Archivierung/Langzeitarchivierung gewährleistet |f SSG |x XA-DE-BW |2 pdager |5 DE-21 | |
| 650 | 0 | |a Cognition | |
| 650 | 0 | 7 | |0 (DE-588)4047704-6 |0 (DE-627)106193821 |0 (DE-576)209074426 |a Psychologie |2 gnd |
| 650 | 0 | 7 | |0 (DE-588)4015286-8 |0 (DE-627)106337300 |0 (DE-576)20891109X |a Erkenntnis |2 gnd |
| 650 | 4 | |a Psychologie |7 (dpeaa)DE-2619 | |
| 689 | 0 | 0 | |d s |0 (DE-588)4047704-6 |0 (DE-627)106193821 |0 (DE-576)209074426 |a Psychologie |2 gnd |
| 689 | 0 | 1 | |d s |0 (DE-588)4117665-0 |0 (DE-627)105797499 |0 (DE-576)209511842 |a Wissenschaftstheorie |2 gnd |
| 689 | 0 | |5 (DE-627) | |
| 830 | 0 | |a Psyche <Stuttgart> / Beiheft |v 1957 |9 1957 |w (DE-627)165650575 |w (DE-576)01491199X |w (DE-600)209422-8 |7 am | |
| 935 | |a mkri | ||
| 935 | |h HEB |i 0501 | ||
| 935 | |h HEB |i 0503 | ||
| 936 | r | v | |a CM 2200 |b Methodik und Wissenschaftstheorie der Psychologie |k Psychologie |k Allgemeines. Geschichte und Methodik |k Methodik und Wissenschaftstheorie der Psychologie |0 (DE-627)1271484781 |0 (DE-625)rvk/18943: |0 (DE-576)201484781 |
| 936 | s | n | |a c200 |2 mzub |
| 951 | |a BO | ||
| ELC | |b 1 | ||
| LOK | |0 000 xxxxxcx a22 zn 4500 | ||
| LOK | |0 001 414222087X | ||
| LOK | |0 003 DE-627 | ||
| LOK | |0 004 1071145819 | ||
| LOK | |0 005 20220601183437 | ||
| LOK | |0 008 220601||||||||||||||||ger||||||| | ||
| LOK | |0 040 |a DE-21 |c DE-627 |d DE-21 | ||
| LOK | |0 852 |a DE-21 | ||
| LOK | |0 852 1 |c Jf II 697 b-4 |9 00 | ||
| LOK | |0 935 |a dika |a tub3 | ||
| LOK | |0 939 |a 01-06-22 |b l01 | ||
| LOK | |0 000 xxxxxcx a22 zn 4500 | ||
| LOK | |0 001 2008162915 | ||
| LOK | |0 003 DE-627 | ||
| LOK | |0 004 1071145819 | ||
| LOK | |0 005 20100406200934 | ||
| LOK | |0 008 050820||||||||||||||||ger||||||| | ||
| LOK | |0 040 |a DE-21-46 |c DE-627 |d DE-21-46 | ||
| LOK | |0 541 |e 8768 | ||
| LOK | |0 689 |a s |0 1311361375 |a Sinn | ||
| LOK | |0 689 |a s |0 1311384456 |a Erkennen | ||
| LOK | |0 689 |a s |0 1311364811 |a Psychologie | ||
| LOK | |0 852 |a DE-21-46 | ||
| LOK | |0 852 1 |c D 10/1957,1 |m p |9 00 | ||
| LOK | |0 935 |a k046 | ||
| LOK | |0 938 |k p | ||
| LOK | |0 939 |a 20-08-05 |b l01 | ||
| LOK | |0 000 xxxxxcx a22 zn 4500 | ||
| LOK | |0 001 2665288443 | ||
| LOK | |0 003 DE-627 | ||
| LOK | |0 004 1071145819 | ||
| LOK | |0 005 20110223165609 | ||
| LOK | |0 008 110223||||||||||||||||ger||||||| | ||
| LOK | |0 040 |a DE-21-43 |c DE-627 |d DE-21-43 | ||
| LOK | |0 541 |e 63/204 | ||
| LOK | |0 852 |a DE-21-43 | ||
| LOK | |0 852 1 |c Db I 299 |m p |9 00 | ||
| LOK | |0 935 |a k043 |a kneu | ||
| LOK | |0 938 |k p | ||
| LOK | |0 939 |a 23-02-11 |b l01 | ||
| LOK | |0 000 xxxxxcx a22 zn 4500 | ||
| LOK | |0 001 4196226205 | ||
| LOK | |0 003 DE-627 | ||
| LOK | |0 004 1071145819 | ||
| LOK | |0 005 20221011145859 | ||
| LOK | |0 008 221011||||||||||||||||ger||||||| | ||
| LOK | |0 035 |a (DE-2619)k00149 | ||
| LOK | |0 040 |a DE-2619 |c DE-627 |d DE-2619 | ||
| LOK | |0 092 |o n | ||
| LOK | |0 541 |e Bestand Albert-Krebs-Bibliothek: 2015-608 | ||
| LOK | |0 852 |a DE-2619 | ||
| LOK | |0 852 1 |c UA.00.009 |m p |9 00 | ||
| LOK | |0 935 |a kreb | ||
| LOK | |0 938 |k p | ||
| LOK | |0 939 |a 11-10-22 |b l01 | ||
| ORI | |a SA-MARC-krimdoka001.raw | ||
| SIG | |a UB: Jf II 697 b-4 | ||
